[Event "Guernsey op 47th"]
[Site "St James"]
[Date "2023.10.17"]
[Round "3"]
[White "Ingham, H William"]
[Black "Rowe, Peter"]
[Result "1/2-1/2"]
[WhiteElo "1787"]
[BlackElo "1938"]
[PlyCount "48"]
[EventDate "2023.10.15"]
[EventType "swiss"]
[EventRounds "7"]
[EventCountry "GCI"]
[SourceTitle "EXT 2025"]
[Source "ChessBase"]
[SourceDate "2024.10.14"]
[SourceVersion "1"]
[SourceVersionDate "2024.10.14"]
[SourceQuality "1"]

1. d4 Nf6 2. Nf3 d6 3. c4 Nbd7 4. Nc3 e5 5. Bg5 Be7 6. e3 c6 7. Qc2 h6 8. Bh4 a6 9. Be2 Qc7 10. 0-0 0-0 11. b4 Re8 12. Rac1 exd4 13. exd4 Nf8 14. c5 Bg4 15. h3 Bh5 16. Rfe1 Bg6 17. Bd3 Nh5 18. Bxe7 Rxe7 19. Rxe7 Qxe7 20. Re1 Qd7 21. Bxg6 Nxg6 22. Qe2 Nf6 23. Ne4 Nxe4 24. Qxe4 dxc5 1/2-1/2

[Event "Guernsey op 46th"]
[Site "St James"]
[Date "2022.10.17"]
[Round "2"]
[White "Ingham, H William"]
[Black "Beadle, John R"]
[Result "1-0"]
[WhiteElo "1831"]
[BlackElo "1556"]
[PlyCount "97"]
[EventDate "2022.10.16"]
[EventType "swiss"]
[EventRounds "7"]
[EventCountry "GCI"]
[SourceTitle "EXT 2024"]
[Source "ChessBase"]
[SourceDate "2023.10.10"]
[SourceVersion "1"]
[SourceVersionDate "2023.10.10"]
[SourceQuality "1"]

1. d4 f5 2. e4 fxe4 3. Nc3 Nf6 4. Bg5 d5 5. Bxf6 exf6 6. Qh5+ g6 7. Qxd5 c6 8. Qxe4+ Qe7 9. 0-0-0 Bh6+ 10. Kb1 Qxe4 11. Nxe4 0-0 12. Bc4+ Kh8 13. Nd6 Nd7 14. Nf7+ Kg7 15. Nxh6 Kxh6 16. Nf3 Nb6 17. Bb3 Bg4 18. Rhe1 Rae8 19. Re3 Nd5 20. Bxd5 cxd5 21. Rde1 Rxe3 22. Rxe3 Bxf3 23. Rxf3 Re8 24. Re3 Rxe3 25. fxe3 Kg5 26. Kc1 Kf5 27. Kd2 Ke4 28. Ke2 f5 29. g3 g5 30. c3 h5 31. Kd2 Kf3 32. c4 Ke4 33. cxd5 Kxd5 34. Kd3 h4 35. gxh4 gxh4 36. Ke2 Ke4 37. h3 b6 38. Kd2 a6 39. Kc3 Kxe3 40. d5 f4 41. d6 f3 42. d7 f2 43. d8Q f1Q 44. Qxb6+ Ke4 45. Qd4+ Kf3 46. Qxh4 Qc1+ 47. Kb3 Qd1+ 48. Ka3 Qd6+ 49. Qb4 1-0

[Event "Southend Easter op 64th"]
[Site "Southend"]
[Date "2022.04.15"]
[Round "2"]
[White "Ingham, H William"]
[Black "Bryant, Harry"]
[Result "0-1"]
[WhiteElo "1871"]
[BlackElo "1425"]
[PlyCount "250"]
[EventDate "2022.04.15"]
[EventType "swiss"]
[EventRounds "7"]
[EventCountry "ENG"]
[SourceTitle "CBM 207 Extra"]
[Source "ChessBase"]
[SourceDate "2022.05.31"]
[SourceVersion "1"]
[SourceVersionDate "2022.05.31"]
[SourceQuality "1"]

1. d4 Nf6 2. Bf4 g6 3. e3 Bg7 4. Nf3 0-0 5. Be2 d6 6. 0-0 c5 7. c3 b6 8. Nbd2 Bb7 9. h3 Nbd7 10. Qa4 a6 11. Bh2 b5 12. Qd1 Qb6 13. b4 Nd5 14. Qb3 c4 15. Qc2 e6 16. Rfd1 N5f6 17. e4 d5 18. e5 Ne8 19. Nf1 Nc7 20. Ne3 a5 21. a3 axb4 22. axb4 Rxa1 23. Rxa1 Ra8 24. Rxa8+ Nxa8 25. Bf4 Qa7 26. Qd2 Qa1+ 27. Kh2 Nab6 28. Bd1 Na4 29. Bxa4 Qxa4 30. Qc2 Qxc2 31. Nxc2 Nb6 32. Na3 Ba6 33. Kg1 Na4 34. Nb1 Nb2 35. Ne1 h5 36. Kf1 Kh7 37. Bc1 Na4 38. h4 Bh6 39. Bg5 Bb7 40. Ke2 Bf8 41. Kd2 Bh6 42. Na3 Bc6 43. Nac2 Be8 44. Ne3 Bc6 45. Nd1 Be8 46. Ke3 Bf8 47. Kf4 Bh6 48. Nf3 Bf8 49. Nh2 Bh6 50. Nf1 Bf8 51. f3 Bh6 52. g4 Bg7 53. Ng3 hxg4 54. fxg4 Bh6 55. Nf1 Nb6 56. Nfe3 Bc6 57. Nf2 Na4 58. Ned1 Nb6 59. Nh3 Bd7 60. Bxh6 Kxh6 61. Nhf2 Bc6 62. Nh1 Nd7 63. Ng3 Bb7 64. g5+ Kh7 65. Nf1 Nb6 66. Nfe3 Bc6 67. Ng4 Kg7 68. Nf6 Na4 69. Kg4 Nb6 70. Kf4 Na4 71. Kg4 Nb6 72. Nb2 Na4 73. Nd1 Nb6 74. Kf3 Na4 75. Ke3 Nb6 76. Kd2 Nc8 77. Ne3 Ne7 78. Nfg4 Be8 79. Nh6 Bd7 80. Neg4 Be8 81. Nf6 Kf8 82. Nxe8 Kxe8 83. Ke3 Kf8 84. Kd2 Kg7 85. Ke2 Kf8 86. Kf3 Nc8 87. Ng4 Nb6 88. Ne3 Na4 89. Nd1 Kg7 90. Ke3 Kh7 91. Kd2 Nb6 92. Ne3 Nc8 93. Nc2 Kg7 94. Na3 Na7 95. Ke3 Kh7 96. Kf3 Kg7 97. Kg4 Kh7 98. Nc2 Nc8 99. Ne3 Nb6 100. Kf3 Na4 101. Nd1 Kg7 102. Ke3 Nb6 103. Nf2 Nd7 104. Ng4 Kh7 105. Nf6+ Nxf6 106. exf6 Kg8 107. Kf4 Kf8 108. Ke5 Ke8 109. Kd6 Kf8 110. Kc6 Ke8 111. Kxb5 Kd7 112. Kc5 Kc7 113. b5 Kb7 114. Kd6 Kb6 115. Ke7 e5 116. Kxf7 e4 117. Kxg6 e3 118. f7 e2 119. f8Q e1Q 120. Qc5+ Ka5 121. Qxd5 Qxc3 122. h5 Qd3+ 123. Qf5 Qxd4 124. h6 c3 125. h7 Qd6+ 0-1

[Event "Guernsey op 44th"]
[Site "Vale"]
[Date "2018.10.25"]
[Round "5"]
[White "Ingham, H William"]
[Black "Dijksterhuis, Rolf"]
[Result "0-1"]
[WhiteElo "1849"]
[BlackElo "1958"]
[PlyCount "96"]
[EventDate "2018.10.21"]
[EventType "swiss"]
[EventRounds "7"]
[EventCountry "GCI"]
[SourceTitle "CBM 187 Extra"]
[Source "ChessBase"]
[SourceDate "2018.11.04"]
[SourceVersion "1"]
[SourceVersionDate "2018.11.04"]
[SourceQuality "1"]

1. d4 d5 2. e3 Nf6 3. Nf3 c5 4. dxc5 e6 5. b4 a5 6. c3 Nc6 7. Bb5 Bd7 8. Bb2 axb4 9. Bxc6 Bxc6 10. cxb4 b6 11. a4 bxc5 12. b5 Bb7 13. Nbd2 Bd6 14. 0-0 0-0 15. Qc2 Qc7 16. Rfe1 e5 17. e4 dxe4 18. Ng5 c4 19. Ndxe4 Nxe4 20. Nxe4 Bb4 21. Bc3 Bxc3 22. Nxc3 f5 23. Rad1 e4 24. Nd5 Qc5 25. Nf4 Rfe8 26. Qc3 Re7 27. Ra1 Rae8 28. Rac1 Rc8 29. Rc2 Qd6 30. Qd2 Qe5 31. Rec1 g5 32. Ne2 f4 33. Rxc4 Rxc4 34. Rxc4 e3 35. fxe3 fxe3 36. Qd4 Qf5 37. Qg4 Qf2+ 38. Kh1 h6 39. h4 Qf1+ 40. Kh2 Rg7 41. Rc1 Qf2 42. h5 Rf7 43. Rd1 Kh7 44. Rd7 Qf6 45. Rxf7+ Qxf7 46. Ng3 Qd5 47. Qf5+ Qxf5 48. Nxf5 e2 0-1

[Event "Guernsey op 44th"]
[Site "Vale"]
[Date "2018.10.21"]
[Round "1"]
[White "Thurlow, Kevin J"]
[Black "Ingham, H William"]
[Result "1-0"]
[WhiteElo "2002"]
[BlackElo "1849"]
[PlyCount "65"]
[EventDate "2018.10.21"]
[EventType "swiss"]
[EventRounds "7"]
[EventCountry "GCI"]
[SourceTitle "CBM 187 Extra"]
[Source "ChessBase"]
[SourceDate "2018.11.04"]
[SourceVersion "1"]
[SourceVersionDate "2018.11.04"]
[SourceQuality "1"]

1. c4 e5 2. Nc3 d6 3. e3 Be7 4. Nge2 Nf6 5. d4 0-0 6. Qc2 c6 7. b3 a6 8. Bb2 Nbd7 9. g3 exd4 10. exd4 Nb6 11. Bg2 Bg4 12. h3 Bd7 13. 0-0 Qc8 14. Kh2 Bf5 15. Qd2 Re8 16. Rae1 h6 17. Nf4 Bf8 18. a4 a5 19. Rxe8 Qxe8 20. Re1 Qd7 21. d5 Re8 22. dxc6 bxc6 23. Nd1 Rxe1 24. Qxe1 Be7 25. Qxa5 Bd8 26. Qd2 g5 27. Ne2 Ne4 28. Bxe4 Bxe4 29. Qd4 f5 30. Ne3 c5 31. Qh8+ Kf7 32. Qxh6 Be7 33. Qg7+ 1-0

[Event "World Amateur-ch U2000"]
[Site "Cagliari"]
[Date "2018.04.28"]
[Round "8"]
[White "Ingham, H William"]
[Black "Patel, Palak"]
[Result "0-1"]
[WhiteElo "1840"]
[BlackElo "1661"]
[PlyCount "82"]
[EventDate "2018.04.22"]
[EventType "swiss"]
[EventRounds "9"]
[EventCountry "ITA"]
[SourceTitle "CBM 184 Extra"]
[Source "ChessBase"]
[SourceDate "2018.06.28"]
[SourceVersion "1"]
[SourceVersionDate "2018.06.28"]
[SourceQuality "1"]

1. d4 Nf6 2. Bf4 c5 3. e3 cxd4 4. exd4 d5 5. c3 Nc6 6. Nd2 g6 7. Ngf3 Bg7 8. Be2 0-0 9. Ne5 Nd7 10. Nxc6 bxc6 11. Nf3 Qb6 12. Qb3 Re8 13. 0-0 e5 14. dxe5 Nxe5 15. Be3 Qc7 16. Rad1 Ng4 17. h3 Nxe3 18. fxe3 Rxe3 19. Bd3 Qb6 20. Qxb6 axb6 21. a3 Bd7 22. Kf2 Ree8 23. Rfe1 Be6 24. Ng5 Bd7 25. Rxe8+ Rxe8 26. Re1 Rxe1 27. Kxe1 Bh6 28. Nf3 Bc1 29. b3 Bxa3 30. c4 dxc4 31. bxc4 Bb2 32. Ke2 Kg7 33. Nd2 f5 34. Nb3 Kf6 35. h4 h6 36. Nd2 Bc3 37. Nf3 b5 38. cxb5 cxb5 39. Ke3 b4 40. Bc2 Be6 41. Kd3 Be5 0-1